Visualizzazione normale
Vista MARC
- Teologia morale fondamentale
di Genre/Form Term
Records bibliografici associati: 1
001 - CONTROL NUMBER
- control field: 56814
003 - CONTROL NUMBER IDENTIFIER
- control field:
005 - DATE AND TIME OF LATEST TRANSACTION
- control field: 20180122095900.0
008 - FIXED-LENGTH DATA ELEMENTS
- fixed length control field: 180122|| aca||aabn | a|a d
040 ## - CATALOGING SOURCE
- Original cataloging agency:
- Transcribing agency:
155 ## - HEADING--GENRE/FORM TERM
- Genre/form term: Teologia morale fondamentale
- General subdivision: Virtù: generalità e varia.
670 ## - SOURCE DATA FOUND
- Source citation: Work cat.: ()0: Cyprianus, Thascius Caecilius, s., fl. ca.200-258. 56811, A Donato ;, 2007.